000003979 001__ 3979 000003979 005__ 20260410141726.0 000003979 0247_ $$2DOI$$a10.6083/v118rd860 000003979 037__ $$aIR 000003979 245__ $$aExtended SSA with factored use-def chains to support optimization and parallelism 000003979 269__ $$a1993 000003979 336__ $$aArticle 000003979 520__ $$acse-93-013 000003979 540__ $$fCC BY 000003979 542__ $$fIn copyright - single owner 000003979 691__ $$aOregon Graduate Institute 000003979 7001_ $$aStoltz, Eric 000003979 8564_ $$9e511d12d-83a7-466b-b405-90c0597fb55d$$s533786$$uhttps://digitalcollections.ohsu.edu/record/3979/files/csetech-296.pdf$$ePublic$$223b0c9bd96ad97e32884ee2c89b33018$$31 000003979 901__ $$a<p>These documents are archival records. They are retained for historical reference only. </p><p><b>Need an accessible version? Use the "Get Accessible Copy" link above.</b></p> 000003979 905__ $$a/rest/prod/v1/18/rd/86/v118rd860 000003979 956__ $$aGet Accessible Copy$$uhttps://ohsu.libwizard.com/f/requestaccessibledocument 000003979 980__ $$aScholars Archive